[Event "FRA-ch Blitz Online Qual"]
[Site "Europe Echecs INT"]
[Date "2020.05.16"]
[Round "11"]
[White "Poulet, Benoit"]
[Black "Breuil, Virgile"]
[Result "1-0"]
[WhiteElo "2094"]
[BlackElo "1622"]
[PlyCount "65"]
[EventDate "2020.05.16"]
[EventType "swiss (blitz)"]
[EventRounds "15"]
[EventCountry "FRA"]
[SourceTitle "CBM 196 Extra"]
[Source "ChessBase"]
[SourceDate "2020.07.31"]
[SourceVersion "1"]
[SourceVersionDate "2020.07.31"]
[SourceQuality "1"]

1. d4 d5 2. Nc3 Nf6 3. Bf4 Bf5 4. e3 e6 5. Nf3 Bd6 6. Ne5 Nc6 7. Nb5 a6 8. Nxd6+ cxd6 9. Nf3 0-0 10. h3 Re8 11. c3 e5 12. Bh2 exd4 13. Nxd4 Bg6 14. Be2 Qb6 15. Qb3 Qxb3 16. Nxb3 Rad8 17. 0-0-0 Ne4 18. Rhf1 a5 19. Rxd5 a4 20. Nd4 Ne7 21. Ra5 Nc8 22. Bb5 Rf8 23. Bxa4 Nc5 24. Bc2 b6 25. Ra8 Bd3 26. Bxd3 Nxd3+ 27. Kc2 Nc5 28. Nc6 Rd7 29. Rd1 f6 30. Nd4 Kf7 31. Nb5 Ke7 32. Nxd6 Nxd6 33. Rxf8 1-0

[Event "FRA-ch Blitz Online Qual"]
[Site "Europe Echecs INT"]
[Date "2020.05.16"]
[Round "13"]
[White "Poulet, Benoit"]
[Black "Spagnoli, Benjamin"]
[Result "1-0"]
[WhiteElo "2094"]
[BlackElo "1770"]
[PlyCount "47"]
[EventDate "2020.05.16"]
[EventType "swiss (blitz)"]
[EventRounds "15"]
[EventCountry "FRA"]
[SourceTitle "CBM 196 Extra"]
[Source "ChessBase"]
[SourceDate "2020.07.31"]
[SourceVersion "1"]
[SourceVersionDate "2020.07.31"]
[SourceQuality "1"]

1. d4 Nf6 2. Nc3 g6 3. e4 d6 4. Bf4 Bg7 5. Qd2 c5 6. d5 0-0 7. 0-0-0 b5 8. Bxb5 Ba6 9. Bxa6 Nxa6 10. Nf3 Nb4 11. a3 Qa5 12. e5 dxe5 13. Bxe5 Nfxd5 14. Nxd5 Bxe5 15. Nxe5 e6 16. Nf6+ Kg7 17. Neg4 Nd3+ 18. Qxd3 h5 19. Ne5 Rad8 20. Nfd7 f6 21. Qg3 fxe5 22. Qxe5+ Kh6 23. Nxf8 Rxf8 24. Rd7 1-0

[Event "FRA-ch U16"]
[Site "Hyeres"]
[Date "2019.04.15"]
[Round "2"]
[White "Poulet, Benoit"]
[Black "Degraeve, Remy"]
[Result "1/2-1/2"]
[WhiteElo "2109"]
[BlackElo "2312"]
[PlyCount "134"]
[EventDate "2019.04.14"]
[EventType "swiss"]
[EventRounds "9"]
[EventCountry "FRA"]
[SourceTitle "CBM 190 Extra"]
[Source "ChessBase"]
[SourceDate "2019.07.15"]
[SourceVersion "1"]
[SourceVersionDate "2019.07.15"]
[SourceQuality "1"]

1. d4 Nf6 2. Nf3 d5 3. e3 e6 4. Bd3 c5 5. b3 Nc6 6. Bb2 Bd6 7. 0-0 Qe7 8. dxc5 Bxc5 9. c4 dxc4 10. Bxc4 0-0 11. a3 a6 12. b4 Ba7 13. Nbd2 b5 14. Ba2 a5 15. bxa5 Nxa5 16. Bb1 Ba6 17. Qc2 Qc5 18. Bc3 Rac8 19. Ne4 Qh5 20. Nxf6+ gxf6 21. Qxh7+ Qxh7 22. Bxh7+ Kxh7 23. Bxa5 Bb7 24. Rfb1 Rg8 25. Rb4 Rg6 26. Ne1 Rc5 27. Rd1 Kg7 28. g3 Bc6 29. Rh4 Rc4 30. Rxc4 bxc4 31. Rc1 Bb5 32. Nf3 Rh6 33. Nd2 Rh8 34. Bc3 Bc5 35. Rb1 Ba6 36. Bxf6+ Kxf6 37. Ne4+ Ke5 38. Nxc5 Ra8 39. f4+ Kd5 40. Na4 Ke4 41. Kf2 Rc8 42. Rb6 c3 43. Nxc3+ Rxc3 44. Rxa6 Rc2+ 45. Ke1 Kxe3 46. Kd1 Rxh2 47. Rb6 Kd3 48. Rb3+ Kc4 49. Rf3 f6 50. Re3 Kd5 51. Re2 Rh1+ 52. Kc2 Rg1 53. Re3 e5 54. fxe5 fxe5 55. Rd3+ Ke4 56. Rb3 Rg2+ 57. Kd1 Kd4 58. Rb4+ Kc5 59. Rb3 e4 60. Ke1 Ra2 61. Kd1 Kc4 62. Re3 Kd4 63. Rb3 e3 64. Rb8 Ke4 65. Re8+ Kf3 66. Rf8+ Kg2 67. Re8 Rxa3 1/2-1/2

[Event "FRA-ch U12"]
[Site "Gonfreville"]
[Date "2016.??.??"]
[Round "2"]
[White "Commin, Augustin"]
[Black "Poulet, Benoit"]
[Result "0-1"]
[WhiteElo "1566"]
[BlackElo "1870"]
[PlyCount "105"]
[EventDate "2016.04.22"]
[EventType "swiss"]
[EventRounds "9"]
[EventCountry "FRA"]
[SourceTitle "EXT 2019"]
[Source "ChessBase"]
[SourceDate "2018.10.10"]
[SourceVersion "1"]
[SourceVersionDate "2018.10.10"]
[SourceQuality "1"]

1. e4 e6 2. d4 d5 3. Nd2 Be7 4. e5 c5 5. c3 Nc6 6. Ndf3 Qb6 7. Ne2 f6 8. exf6 Nxf6 9. b3 cxd4 10. cxd4 Bb4+ 11. Bd2 Ne4 12. a3 Nxd4 13. Nexd4 Bxd2+ 14. Nxd2 Qxd4 15. Bb5+ Bd7 16. Bxd7+ Kxd7 17. Nxe4 Qxe4+ 18. Qe2 Qxg2 19. Qb5+ Kd6 20. Qb4+ Ke5 21. Qc3+ Kf5 22. Ke2 Rac8 23. Qd3+ Qe4+ 24. Qxe4+ Kxe4 25. Rac1 Rc6 26. Rxc6 bxc6 27. Rg1 g6 28. Rg4+ Kf5 29. Rb4 a5 30. Rb6 Rc8 31. Kd3 Ke5 32. Rb7 h5 33. Rf7 g5 34. Rg7 Kf4 35. Rf7+ Kg4 36. Re7 Kf5 37. Rf7+ Ke5 38. Rg7 Kf6 39. Ra7 Rb8 40. Kc3 Rb5 41. b4 axb4+ 42. axb4 c5 43. bxc5 Rxc5+ 44. Kd3 Rc1 45. Rh7 h4 46. f4 gxf4 47. Rxh4 Kf5 48. Ke2 Ke4 49. Rh5 Rc2+ 50. Ke1 f3 51. h4 Rh2 52. Rg5 Kf4 53. h5 0-1

[Event "FRA-ch U12"]
[Site "Gonfreville"]
[Date "2016.??.??"]
[Round "3"]
[White "Poulet, Benoit"]
[Black "Lamhene, Elias"]
[Result "1-0"]
[WhiteElo "1870"]
[BlackElo "1624"]
[PlyCount "75"]
[EventDate "2016.04.22"]
[EventType "swiss"]
[EventRounds "9"]
[EventCountry "FRA"]
[SourceTitle "EXT 2019"]
[Source "ChessBase"]
[SourceDate "2018.10.10"]
[SourceVersion "1"]
[SourceVersionDate "2018.10.10"]
[SourceQuality "1"]

1. d4 Nf6 2. c4 g6 3. Nc3 Bg7 4. e4 d6 5. f3 0-0 6. Be3 e5 7. d5 Bd7 8. Qd2 Re8 9. Nge2 a6 10. a4 a5 11. g4 h5 12. gxh5 Nxh5 13. Ng3 Nf6 14. Bg5 Qc8 15. h4 Nh5 16. Nxh5 gxh5 17. Bh6 Bf6 18. Rg1+ Kh7 19. 0-0-0 Na6 20. b3 Nc5 21. Kc2 Rg8 22. Bg5 Qd8 23. f4 Bxg5 24. hxg5 f5 25. Qe2 Kg6 26. Bh3 Qe8 27. fxe5 Qxe5 28. Rdf1 f4 29. Bxd7 Nxd7 30. Qf3 Rae8 31. Qxf4 Qxf4 32. Rxf4 Rgf8 33. Ne2 Rxf4 34. Nxf4+ Kh7 35. Nxh5 Rxe4 36. Nf6+ Nxf6 37. gxf6 c5 38. Rg7+ 1-0

[Event "Vaujany op-B 6th"]
[Site "Vaujany"]
[Date "2015.07.17"]
[Round "9"]
[White "Poulet, Benoit"]
[Black "Jean, Robert"]
[Result "1/2-1/2"]
[WhiteElo "1815"]
[BlackElo "1785"]
[PlyCount "160"]
[EventDate "2015.07.08"]
[EventType "swiss"]
[EventRounds "9"]
[EventCountry "FRA"]
[SourceTitle "EXT 2017"]
[Source "ChessBase"]
[SourceDate "2016.10.25"]
[SourceVersion "1"]
[SourceVersionDate "2016.10.25"]
[SourceQuality "1"]

1. d4 Nf6 2. c4 g6 3. Nc3 Bg7 4. e4 d6 5. f3 0-0 6. Be3 c5 7. d5 a6 8. Qd2 Nbd7 9. Bh6 Qa5 10. Nge2 b5 11. Nc1 b4 12. Nd1 Qb6 13. Be2 Rb8 14. h4 e6 15. g4 exd5 16. cxd5 Re8 17. Bxg7 Kxg7 18. h5 Re7 19. Nf2 Ne5 20. hxg6 fxg6 21. Qh6+ Kg8 22. Qg5 Rf7 23. f4 Ned7 24. Rh6 c4 25. f5 Qxf2+ 26. Kxf2 Nxe4+ 27. Kg1 Nxg5 28. fxg6 hxg6 29. Rxg6+ Rg7 30. Rxd6 Rb6 31. Rxb6 Nxb6 32. b3 c3 33. Bc4 Nf3+ 34. Kf2 Ne5 35. Nd3 Nxd3+ 36. Bxd3 Rxg4 37. Rd1 Rd4 38. Ke2 Bg4+ 39. Ke3 Bxd1 40. Kxd4 c2 41. Bxc2 Bxc2 42. d6 Kf8 43. Kc5 Nd7+ 44. Kxb4 Kf7 45. Ka5 Bd3 46. a4 Ke6 47. b4 Nb8 48. b5 axb5 49. axb5 Kxd6 50. Kb4 Kc7 51. Kc5 Nd7+ 52. Kb4 Kb6 53. Kb3 Bxb5 54. Kb4 Ne5 55. Kc3 Kc5 56. Kb3 Bc6 57. Ka3 Nc4+ 58. Kb3 Nd2+ 59. Kc3 Ne4+ 60. Kb3 Bb5 61. Ka3 Kc4 62. Ka2 Kb4 63. Kb2 Bc4 64. Kb1 Kb3 65. Ka1 Kc3 66. Kb1 Nd2+ 67. Ka1 Nb3+ 68. Kb1 Nd4 69. Ka1 Bb3 70. Kb1 Nc2 71. Kc1 Ba2 72. Kd1 Nd4 73. Ke1 Bb3 74. Kf2 Nf5 75. Kf3 Be6 76. Kf4 Kd4 77. Kg5 Ke5 78. Kg6 Ne7+ 79. Kg7 Kd6 80. Kh8 Kd7 1/2-1/2

[Event "FRA-chT U20 GpA 1213"]
[Site "France"]
[Date "2013.01.05"]
[Round "6"]
[White "Gospodaru, Teodora"]
[Black "Poulet, Benoit"]
[Result "0-1"]
[WhiteElo "1300"]
[BlackElo "1413"]
[PlyCount "56"]
[EventDate "2012.12.01"]
[EventType "team"]
[EventRounds "7"]
[EventCountry "FRA"]
[SourceTitle "EXT 2014"]
[Source "ChessBase"]
[SourceDate "2013.11.20"]
[SourceVersion "1"]
[SourceVersionDate "2013.11.20"]
[SourceQuality "1"]
[WhiteTeam "Nancy (U20)"]
[BlackTeam "Sainte Foy (U20)"]
[WhiteTeamCountry "FRA"]
[BlackTeamCountry "FRA"]

1. e4 e6 2. d4 d5 3. exd5 exd5 4. Nf3 Nc6 5. Bd3 Bg4 6. Nbd2 Nxd4 7. 0-0 Bd6 8. Qe1+ Ne6 9. h3 Bxf3 10. Nxf3 Qd7 11. Nd4 0-0-0 12. Bf5 Re8 13. Qe3 Bc5 14. c3 Nh6 15. Qd3 Bxd4 16. Bxe6 Bxf2+ 17. Rxf2 Rxe6 18. Bxh6 Rxh6 19. Rd1 c6 20. Qd4 Rg6 21. Qxa7 Re8 22. Qa8+ Kc7 23. Qa5+ Kb8 24. Kh1 Re3 25. Rg1 Rxh3+ 26. gxh3 Qxh3+ 27. Rh2 Qf3+ 28. Rhg2 Rh6# 0-1

[Event "FRA-chT U20 GpA 1213"]
[Site "France"]
[Date "2012.12.01"]
[Round "1"]
[White "Lamblin, Alexandre"]
[Black "Poulet, Benoit"]
[Result "1-0"]
[WhiteElo "1390"]
[BlackElo "1413"]
[PlyCount "91"]
[EventDate "2012.12.01"]
[EventType "team"]
[EventRounds "7"]
[EventCountry "FRA"]
[SourceTitle "EXT 2014"]
[Source "ChessBase"]
[SourceDate "2013.11.20"]
[SourceVersion "1"]
[SourceVersionDate "2013.11.20"]
[SourceQuality "1"]
[WhiteTeam "Monaco (U20)"]
[BlackTeam "Sainte Foy (U20)"]
[WhiteTeamCountry "FRA"]
[BlackTeamCountry "FRA"]

1. Nf3 Nf6 2. d4 c5 3. c3 g6 4. Bg5 Bg7 5. Bxf6 Bxf6 6. e4 cxd4 7. cxd4 Qb6 8. Qb3 Bxd4 9. Nxd4 Qxd4 10. Qc2 0-0 11. Nc3 Nc6 12. Qd3 Qxd3 13. Bxd3 Nb4 14. Bb1 b6 15. a3 Nc6 16. 0-0 Ba6 17. Rd1 d6 18. b4 Bc4 19. Ba2 Bxa2 20. Rxa2 Rac8 21. b5 Nd4 22. Nd5 Ne2+ 23. Rxe2 Kg7 24. Nxe7 Rc5 25. h3 Rxb5 26. Rxd6 Rb1+ 27. Kh2 Ra1 28. Re3 Ra2 29. f4 Re8 30. Nd5 Rc8 31. Rc3 Rxc3 32. Nxc3 Rxa3 33. Nd5 Ra4 34. e5 b5 35. Nc3 Rxf4 36. Nxb5 a5 37. Ra6 Ra4 38. Ra7 Ra1 39. Nd6 a4 40. Rxf7+ Kh6 41. e6 a3 42. Ra7 a2 43. e7 Re1 44. e8Q a1Q 45. Rxa1 Rxe8 46. Nxe8 1-0

[Event "FRA-chT U20"]
[Site "France"]
[Date "2012.05.26"]
[Round "?"]
[White "Grimaldi, Antonin"]
[Black "Poulet, Benoit"]
[Result "0-1"]
[WhiteElo "1287"]
[BlackElo "1386"]
[PlyCount "74"]
[EventDate "2012.05.26"]
[EventType "team-swiss"]
[EventRounds "9"]
[EventCountry "FRA"]
[SourceTitle "EXT 2014"]
[Source "ChessBase"]
[SourceDate "2013.11.20"]
[SourceVersion "1"]
[SourceVersionDate "2013.11.20"]
[SourceQuality "1"]

1. e4 e6 2. d4 d5 3. e5 c5 4. c3 Qb6 5. Nf3 Nc6 6. Be2 cxd4 7. cxd4 Nge7 8. Nbd2 Nf5 9. Nb3 Bb4+ 10. Kf1 0-0 11. g4 Nfe7 12. Kg2 a5 13. a4 Bd7 14. Bg5 h6 15. Bxe7 Bxe7 16. Bb5 Rac8 17. Rc1 Rc7 18. Qd2 Bb4 19. Qd1 Rfc8 20. Nc5 Be8 21. Qe2 Nxd4 22. Nxd4 Bxb5 23. Qxb5 Qxb5 24. Nxb5 Rxc5 25. Rxc5 Rxc5 26. Nd6 Rc7 27. Nb5 Rc2 28. Nd6 Rxb2 29. Nxb7 Ra2 30. Rc1 Rxa4 31. Rc8+ Kh7 32. Nd8 Kg6 33. Rc7 Bd2 34. Rxf7 Rxg4+ 35. Kf3 Re4 36. Re7 Rxe5 37. Nxe6 Kf6 0-1

[Event "FRA-chT U20 1112"]
[Site "France"]
[Date "2011.12.19"]
[Round "7"]
[White "Ruble, Louis"]
[Black "Poulet, Benoit"]
[Result "1-0"]
[WhiteElo "1317"]
[BlackElo "1470"]
[PlyCount "49"]
[EventDate "2011.12.03"]
[EventType "team-swiss"]
[EventRounds "7"]
[EventCountry "FRA"]
[SourceTitle "EXT 2013"]
[Source "ChessBase"]
[SourceDate "2012.11.22"]
[SourceVersion "1"]
[SourceVersionDate "2012.11.22"]
[SourceQuality "1"]

1. d4 Nf6 2. c4 c5 3. d5 b5 4. e3 d6 5. Nf3 g6 6. Nc3 Bg7 7. Nxb5 Ne4 8. Bd3 Qa5+ 9. Bd2 Nxd2 10. Qxd2 Qxd2+ 11. Nxd2 0-0 12. Nc7 Bb7 13. Nxa8 Bxa8 14. Rb1 Na6 15. 0-0 Nb4 16. Be2 Nxa2 17. Ra1 Nb4 18. Rxa7 Bxb2 19. Rxe7 Be5 20. f4 Bf6 21. Rd7 Rd8 22. Rxd8+ Bxd8 23. Ra1 Bb7 24. Ra7 Ba5 25. Rxa5 1-0

[Event "FRA-chT U20 1112"]
[Site "France"]
[Date "2011.12.18"]
[Round "5"]
[White "Kantzer, Romain"]
[Black "Poulet, Benoit"]
[Result "1-0"]
[WhiteElo "1475"]
[BlackElo "1470"]
[PlyCount "65"]
[EventDate "2011.12.03"]
[EventType "team-swiss"]
[EventRounds "7"]
[EventCountry "FRA"]
[SourceTitle "EXT 2013"]
[Source "ChessBase"]
[SourceDate "2012.11.22"]
[SourceVersion "1"]
[SourceVersionDate "2012.11.22"]
[SourceQuality "1"]

1. e4 e6 2. d4 d5 3. e5 c5 4. c3 Nc6 5. Nf3 Qb6 6. Be2 cxd4 7. cxd4 Nh6 8. Nc3 Nf5 9. Na4 Bb4+ 10. Bd2 Qa5 11. Bc3 0-0 12. 0-0 b5 13. a3 bxa4 14. axb4 Qb6 15. b5 Nce7 16. Rxa4 a6 17. Ba5 Qa7 18. Bb4 Re8 19. Bc5 Qb8 20. Qa1 Bb7 21. bxa6 Bc6 22. Rb4 Qc7 23. Rc1 Ng6 24. Bb6 Qd7 25. Qa5 Rec8 26. Ra1 Nf4 27. Bb5 Bxb5 28. Rxb5 Ne2+ 29. Kf1 Nf4 30. Bc5 Ne7 31. Rb7 Nc6 32. Rxd7 Nxa5 33. Rxa5 1-0

[Event "FRA-chT U20 1112"]
[Site "France"]
[Date "2011.12.04"]
[Round "2.10"]
[White "Poulet, Benoit"]
[Black "Gillard, Martin"]
[Result "1-0"]
[WhiteElo "1470"]
[BlackElo "1230"]
[PlyCount "75"]
[EventDate "2011.12.03"]
[EventType "team-swiss"]
[EventRounds "7"]
[EventCountry "FRA"]
[SourceTitle "EXT 2013"]
[Source "ChessBase"]
[SourceDate "2012.11.22"]
[SourceVersion "1"]
[SourceVersionDate "2012.11.22"]
[SourceQuality "1"]

1. d4 d5 2. c4 c6 3. Nc3 Nf6 4. Nf3 dxc4 5. e4 b5 6. a4 Ba6 7. d5 cxd5 8. exd5 e6 9. axb5 Bb7 10. dxe6 Qxd1+ 11. Nxd1 fxe6 12. Bxc4 Nbd7 13. Bxe6 0-0-0 14. Rxa7 Bb4+ 15. Nc3 Bc5 16. Ra1 Rhe8 17. Ng5 h6 18. 0-0 hxg5 19. Bxd7+ Rxd7 20. Bxg5 Rc7 21. Na4 Bd4 22. Rfd1 Rc4 23. Bxf6 Bxf6 24. Nb6+ Kc7 25. Nxc4 Bg5 26. Ra7 Re4 27. Nd6 Kb6 28. Rxb7+ Kc5 29. Nxe4+ Kc4 30. Nxg5 Kc5 31. Rc7+ Kb6 32. Rdc1 Kxb5 33. R1c3 Kb6 34. Ne6 g6 35. Ng5 Kb5 36. Rb7+ Ka6 37. Rcb3 Ka5 38. Ra7# 1-0